000 01076nam a22002537a 4500
999 _c147135
_d147135
005 20230824121018.0
010 _aUR-9885-90
020 6 _c340.00(vol.1)
020 6 _c370.00(vol.2)
020 6 _c400.00(vol.3)
020 6 _c350.00(vol.4)
020 6 _c340.00(vol.5)
020 6 _c330.00(vol.6)
035 _aU-8440-45
037 _bDBAD/PUB
082 _a270
100 _aمو لا نا سید ا بو ا لا علی مو د ود ی
245 _a تفہیم ا لقر ا ن /
_cمو لا نا سید ا بو ا لا علی مو د ود ی
246 _aTafheem -ul-Quran(vol.1-6) /
_bby Moulana Sayyid Abul A"la Moudoodi
260 _aNew Delhi
_bMarkazi Maktaba Islami Publishers
_c2015
270 _aD-307,Dawat Nagar,Abulfazal Enclave,Jamia Ngr.
_bNew Delhi
_e110025
_k26981652
_l-
300 _a(6 vol.)664,712,824,708,676,656 ص
_c22cm(Hb)
942 _2ddc
_cUR
_h270
_mس ی د
_e